000 00571nam a2200205 i 4500
001 C2-0169678
003 PPAK
005 20180729133342.0
008 980802s my a|||| ||||| | eng d
040 _aPPAK
_beng
_cPPAK
_erda
082 0 4 _a629.133
_2 23
090 0 0 _a629.133
_bASI
_dR
245 0 0 _aAsian Airlines Aerospace
264 1 _aKuala Lumpur :
_bADPR Consult (M) Sdn. Bhd. ,
_cJan - Dec 1995
300 _bcolour illustrations ;
_c29 cm
336 _2rdacontent
_atext
337 _2rdamedia
_aunmediated
338 _2rdacarrier
_avolume
942 _ddc
_cB
999 _c153587
_d153587